000 00402nam a22001697a 4500
005 20160625120926.0
008 160625b xxu||||| |||| 00| 0 eng d
020 _a81-203-1688-6
041 _aeng
082 _b10065
100 _aRausch, Eriwan and Washbesh, John B
_92767
245 _aHigh Quality Leadership
260 _bPHI
_c2000
300 _a279
650 _aManagement
_9241
942 _cBK
999 _c4002
_d4001